The emergence of Pakistan / (Record no. 34122)

000 -LEADER
fixed length control field 00975nam a2200289 a 4500
001 - CONTROL NUMBER
control field 4276026
003 - CONTROL NUMBER IDENTIFIER
control field SMME
005 - DATE AND TIME OF LATEST TRANSACTION
control field 20170105113125.0
008 - FIXED-LENGTH DATA ELEMENTS--GENERAL INFORMATION
fixed length control field 850711r19831967pk b b 001 0 eng
010 ## - LIBRARY OF CONGRESS CONTROL NUMBER
LC control number 84931893
040 ## - CATALOGING SOURCE
Original cataloging agency DLC
Transcribing agency DLC
Modifying agency DLC
043 ## - GEOGRAPHIC AREA CODE
Geographic area code a-pk---
050 00 - LIBRARY OF CONGRESS CALL NUMBER
Classification number DS384
Item number .A768 1983
082 00 - DEWEY DECIMAL CLASSIFICATION NUMBER
Classification number 954.919 ALI
Edition number 19
100 1# - MAIN ENTRY--PERSONAL NAME
Personal name Ali, Chaudhri Muhammad.
245 14 - TITLE STATEMENT
Title The emergence of Pakistan /
Statement of responsibility, etc. by Chaudhri Muhammad Ali.
260 ## - PUBLICATION, DISTRIBUTION, ETC.
Place of publication, distribution, etc. Lahore :
Name of publisher, distributor, etc. Research Society of Pakistan, University of the Punjab,
Date of publication, distribution, etc. 1983.
300 ## - PHYSICAL DESCRIPTION
Extent ix, 418 p. :
Other physical details maps ;
Dimensions 24 cm.
490 1# - SERIES STATEMENT
Series statement Publication ;
Volume/sequential designation no. 29
500 ## - GENERAL NOTE
General note Reprint. Originally published: New York : Columbia University Press, 1967.
500 ## - GENERAL NOTE
General note Includes index.
504 ## - BIBLIOGRAPHY, ETC. NOTE
Bibliography, etc. note Bibliography: p. [389]-401.
651 #0 - SUBJECT ADDED ENTRY--GEOGRAPHIC NAME
Geographic name Pakistan
General subdivision Politics and government.
830 #0 - SERIES ADDED ENTRY--UNIFORM TITLE
Uniform title Publication (Research Society of Pakistan) ;
Volume/sequential designation no. 29.
906 ## - LOCAL DATA ELEMENT F, LDF (RLIN)
a 7
b cbc
c orignew
d 3
e ncip
f 19
g y-gencatlg
942 ## - ADDED ENTRY ELEMENTS (KOHA)
Source of classification or shelving scheme
Koha item type Book
Holdings
Withdrawn status Lost status Source of classification or shelving scheme Damaged status Not for loan Permanent Location Current Location Shelving location Date acquired Total Checkouts Full call number Barcode Date last seen Date last checked out Price effective from Koha item type
          School of Mechanical & Manufacturing Engineering (SMME) School of Mechanical & Manufacturing Engineering (SMME) Book Bank 07/21/2016 1 954.904 SMME-BB13 12/08/2021 11/26/2021 07/21/2016 Book
© 2023 Central Library, National University of Sciences and Technology. All Rights Reserved.